1299 1133 1822 1925 1251 1346 1090 1191 1438 1274 1060 1130 1652 1085 1543 1201 1958 1310 1736 1996 1225 1318 1609 1043 1568 1245 1695 1106 1769 1702 1465 1154 1238 1202 1701 1961 1539 1241 1788 1195 1603 1984 1817 1645 1282 1898 1250 1170 1518 1463 1571 1143 1702 1257 1670 1845 1895 1571 1919 1297 1562 1949 1247 1302 1492 1983 1188 1171 1511 1379 1883 1454 1052 1488 1239 1172 1981 1614 1239 1993 1681 1793 1101 1759 1394 1794 1361 1053 1271 1385 1327 1312 1679 1535 1843 1649 1503 1393 1406 BCNSPRNW ULIB Ver.6.0+V

เปลี่ยนเป็นภาษาไทย

Change to English
 แสดงรายละเอียดบรรณานุกรม
  กลับหน้าหลัก

Brief Record : Get Marc (ISO 2709) : E-mail record : QR code < ปิดหน้าต่าง
LEADER : 00000nam 2200000uu 4500
001    13399127028
003     ULIB
008    020711s2560 th a 000 0 tha d
020    ^a9786163920263
060    ^aWS103^bก344ห
110 1  ^aกองบรรณาธิการสำนักพิมพ์โลกหนังสือ
245    ^aหมากับกระพรวน (นิทานอีสปสองภาษา ไทย-อังกฤษ) ( THE DOG AND THE BELLS)
250    ^aพิมพ์ครั้งที่ 1
260    ^aกรุงเทพฯ :^bบริษัทสำนักพิมพ์โลกหนังสือ จำกัด,^c2560
300    ^a12 หน้า;^b21 ซม.
650    ^aเด็ก^xการเรียนการสอน
945    ^p35^l0^i006216
999    ^aประนอม เกษจรัล
รายการนี้ยังไม่มีแท็ก
คุณยังไม่ได้ล็อกอิน คุณสามารถมีกิจกรรมร่วมกับเว็บไซต์ได้ แต่ต้องล็อกอินก่อน ::
  ล็อกอิน

รายการสื่อสารสนเทศ

ลำดับที่ ประเภท เลขเรียก/บาร์โค้ด สถานที่ สถานะ
1. วิทยาศาสตร์การแพทย์ และสุขภาพ
วิทยาศาสตร์การแพทย์ และสุขภาพ
WS103 ก344ห ฉ.1 
  Barcode: 006216
ห้องสมุดวิทยาเขตสวรรค์ประชารักษ์
►หนังสือทั่วไป
ถูกยืม กำหนดส่งวันที่ 24 เมษายน 2568
  จอง

BibComment


ยังไม่เคยถูกคอมเมนท์

คอมเมนท์ทรัพยากรรายการนี้
  คอมเมนท์: หมากับกระพรวน นิ..


 Copyright 2026. Bcnsprnw @Library